| 000 | 00406nam a2200145Ia 4500 | ||
|---|---|---|---|
| 008 | 150201s1988 xx 000 0 und d | ||
| 082 |
_a617.6 _bO1988O |
||
| 100 | _aGERALAND | ||
| 245 | _aPRINCIPLES AND PRACTICE OF OPERATIVE DENTISTRY | ||
| 250 | _a3RD | ||
| 260 |
_bVARGHESE PUBLISHING HOUSE _aDADAR(BOMBAY) _c1988 |
||
| 300 | _a1-496 | ||
| 650 | _aCONSERVATIVE DENTISTRY & ENDODONTICS | ||
| 942 |
_2ddc _cBK |
||
| 999 |
_c2731 _d2731 |
||